| 000 | 00769cam a22002531 4500 | ||
|---|---|---|---|
| 001 | 31807 | ||
| 003 | BD-RjUL | ||
| 005 | 20211209051742.0 | ||
| 008 | 140422s1957 enk 001 0 eng d | ||
| 035 | _aBD-RjUL)31895 | ||
| 040 |
_aDLC _cDLC _dDLC _dBD-RjUL _beng |
||
| 041 | _aeng | ||
| 082 | 0 | 0 |
_a901 _bWIR 1957 |
| 100 | 1 |
_aWilson, Colin, _d1931-2013. _996826 |
|
| 245 | 1 | 0 |
_aReligion and the rebel / _cColin Wilson, |
| 260 |
_aLondon : _bVictore Collangz Ltd. _c1957. |
||
| 300 |
_ax, 338 p. ; _c21 cm. |
||
| 504 | _aBibliographical references included in "Notes" p. ([323]-329) and Index | ||
| 650 | 0 |
_aCivilization _xPhilosophy. _93440 |
|
| 650 | 0 |
_aReligious thought _y20th century. _996827 |
|
| 942 |
_2ddc _cBK |
||
| 999 |
_c31807 _d31807 |
||